<?xml version="1.0" encoding="UTF-8"?>
<marc:record xmlns:marc="http://www.loc.gov/MARC21/slim">
   <marc:leader>00000nam a2200000 a 4500</marc:leader>
   <marc:datafield ind1="1" ind2=" " tag="100">
      <marc:subfield code="a">Mosse, Kate</marc:subfield>
      <marc:subfield code="4">aut</marc:subfield>
      <marc:subfield code="e">Verfasser/-in</marc:subfield>
   </marc:datafield>
   <marc:datafield ind1="0" ind2="0" tag="245">
      <marc:subfield code="a">Die brennenden Kammern</marc:subfield>
   </marc:datafield>
   <marc:datafield ind1=" " ind2="1" tag="264">
      <marc:subfield code="c">2020</marc:subfield>
   </marc:datafield>
   <marc:datafield ind1="1" ind2=" " tag="520">
      <marc:subfield code="a">Carcassonne, 1562: Minou Joubert wächst als Tochter eines katholischen Buchhändlers auf. Eines Tages erhält sie einen versiegelten Brief mit den Worten: "Sie weiß, dass Ihr lebt." Noch bevor sie herausfinden kann, was hinter der mysteriösen Botschaft steckt, wird die Begegnung mit dem jungen Piet Reydon ihr Leben für immer verändern. Denn der Hugenotte hat eine gefährliche Mission, und er zählt auf Minous Hilfe, um aus der Stadt zu fliehen. </marc:subfield>
   </marc:datafield>
</marc:record>
